000 00637nam a2200217 4500
001 59221
003 BD-RjUL
005 20211209080715.0
008 161222s2010 ii ||||| |||| 00| 0 eng d
020 _a9788123918785
035 _a(BD-RjUL)59345
040 _beng
_cBD-RjUL
041 _aeng
082 _223
_a574.028
_bABI 2010
100 _a M Abhilasha
_9176148
245 0 1 _aIntroduction to bioinformatics and microarray technology/
_cAbhilasha M
260 _aNew Delhi :
_b CBS Pub. & Distributors Pvt Ltd.,
_c2010.
300 _axviii, 203 pages :
_b images ;
_c 25 cm.
650 _aBioinformatics
_9176149
942 _2ddc
_cBK
999 _c59221
_d59221